000 00481nam a2200169Ia 4500
999 _c22340
_d22340
003 OSt
005 20211112112144.0
008 190216s9999||||xx |||||||||||||| ||und||
040 _coclc
082 _a954
_bRAN/A
100 _aRandathani, Husain
_91881
245 0 _aAriyappedatha India /
_cHusain Randathani
260 _bPoomkavanam Books Publishers,
_c1993.
300 _a338p
650 _aIslamic History
942 _cBK
_2ddc
_h954
_iRAN/A
_k954
_mRAN/A